000 00320nam a2200121Ia 4500
008 180117s9999 xx 000 0 und d
100 _aby Marky Ramone Go
245 _aWhy Backpack in the Philippines
260 _c2016
300 _a10-14 pages, 2016 January 24
440 _aPhilippine Panorama
650 _aBACKPACK
999 _c353335
_d353335